Library of the University of Algiers 3
Ibrahim Sultan Cheibout
شعار جامعة الجزائر 3
مكتبة جامعة الجزائر 3
إبراهيم سلطان شيبوط

المحاسبة في المنشآت والمؤسسات الزراعية : (رقم التسجيلة. 44235)

تفاصيل مارك
000 -LEADER
fixed length control field 01468nam a2200229Ia 4500
003 - CONTROL NUMBER IDENTIFIER
control field Ost
005 - DATE AND TIME OF LATEST TRANSACTION
control field 20260507075357.0
008 - FIXED-LENGTH DATA ELEMENTS--GENERAL INFORMATION
fixed length control field 260507s9999||||xx |||||||||||||| ||und||
040 ## - CATALOGING SOURCE
Transcribing agency fsecg
041 ## - LANGUAGE CODE
Language code of text/sound track or separate title ara
082 ## - DEWEY DECIMAL CLASSIFICATION NUMBER
Classification number 330
100 ## - MAIN ENTRY--PERSONAL NAME
Personal name الخطيب، خالد راغب
Relator term مؤلف
245 #0 - TITLE STATEMENT
Title المحاسبة في المنشآت والمؤسسات الزراعية :
Remainder of title دراسة محاسبية واقتصادية /
Statement of responsibility, etc. خالد راغب الخطيب
260 ## - PUBLICATION, DISTRIBUTION, ETC.
Place of publication, distribution, etc. عمان:
Name of publisher, distributor, etc. دار البداية ناشرون وموزعون,
Date of publication, distribution, etc. 2010
300 ## - PHYSICAL DESCRIPTION
Extent 271 صفحة؛
Other physical details إيضاحات ؛
Dimensions 24 سم
504 ## - BIBLIOGRAPHY, ETC. NOTE
Bibliography, etc. note كشاف مصطلحات ص239؛ المراجع ص269
520 ## - SUMMARY, ETC.
Summary, etc. الإقتصاد الزراعي- الزراعة واقتصادياتها- مشكلة الغذاء في العالم- أساسيات تصميم النظام المحاسبي- استخدام الحاسبات المالية والتكاليف الزراعية في المنشآت الزراعية- العمل الإنساني- المواد الأولية- أنشطة المنتجات الزراعية- أنشطة المحاصيل الحقلية- تحديد أرباح بيع الاراضي في الشركات الزراعية- مشروعات ماشية الالبان واللحوم- الحسابات الختامية في المنشآت الزراعية
653 ## - INDEX TERM--UNCONTROLLED
Uncontrolled term الإقتصاد الزراعي
653 ## - INDEX TERM--UNCONTROLLED
Uncontrolled term المحاسبة
653 ## - INDEX TERM--UNCONTROLLED
Uncontrolled term المنشآت
942 ## - ADDED ENTRY ELEMENTS (KOHA)
Koha item type كتب
المقتنيات
Withdrawn status Lost status Source of classification or shelving scheme Damaged status Not for loan Home library Current library Date acquired Serial enumeration / chronology Inventory number Total checkouts Full call number Barcode Date last seen Price effective from Koha item type
    Dewey Decimal Classification   NOT LOAN / إعارة داخلية مكتبة كلية العلوم الإقتصادية والعلوم التجارية وعلوم التسيير مكتبة كلية العلوم الإقتصادية والعلوم التجارية وعلوم التسيير 07/05/2026 الطابق الأرضي 25394   أ/4294ن1 25394 07/05/2026 07/05/2026 كتب
    Dewey Decimal Classification   Available مكتبة كلية العلوم الإقتصادية والعلوم التجارية وعلوم التسيير مكتبة كلية العلوم الإقتصادية والعلوم التجارية وعلوم التسيير 07/05/2026 الطابق الأرضي 25395   أ/4294ن2 25395 07/05/2026 07/05/2026 كتب
    Dewey Decimal Classification   Available مكتبة كلية العلوم الإقتصادية والعلوم التجارية وعلوم التسيير مكتبة كلية العلوم الإقتصادية والعلوم التجارية وعلوم التسيير 07/05/2026 الطابق الثاني 25396   أ/4294ن3 25396 07/05/2026 07/05/2026 كتب

موارد الويب المفتوحة


© University of Algiers 3 All Rights Reserved
|
Implemented by LECHELAH Riad